00462 a2200169 450000100060000002000150000604000240002124000310004524500260007630000070010236200090010944000180011865000310013694200070016795201010017499900170027545058 a8506039223 cAnchieta - Aquarius10aPoemas com sol e sonslpor10aPoemas com sol e sons a720 a2006 1aMelhoramentos 4aLiteratura infanto-juvenil cBK 00104070a87.1b87.1d2023-11-21l0o028.5 POEp1593/AQUr2023-11-21 15:11:01w2023-11-21yBK c45058d45058